Súkromné fondy ponúkajú východisko

Rozvoj súkromných penzijných fondov v USA a západnej Európe. Problémy priebežného financovania dôchodkov z príspevkov zamestnancov na základe medzigeneračnej solidarity v krajinách východnej Európy. Japonský fondový systém. Porovnanie fondového systému a systému priebežného financovania dôchodkov.

Salvato in:
Dettagli Bibliografici
Autore principale: Matyáš, J.
Altri autori: Jurina, Ľ.
Natura: Capitolo di libro
Lingua:slovacco
Soggetti:
Tags: Aggiungi Tag
Nessun Tag, puoi essere il primo ad aggiungerne!!

MARC

LEADER 00000naa a2200000 4500
001 r020168
005 20221213101123.5
041 0 |a slo 
044 |a SK 
245 1 0 |a Súkromné fondy ponúkajú východisko  |c J. Matyáš, Ľ. Jurina 
520 |a Rozvoj súkromných penzijných fondov v USA a západnej Európe. Problémy priebežného financovania dôchodkov z príspevkov zamestnancov na základe medzigeneračnej solidarity v krajinách východnej Európy. Japonský fondový systém. Porovnanie fondového systému a systému priebežného financovania dôchodkov. 
610 2 0 |a zabezpečenie dôchodkové 
610 2 0 |a dôchodky 
610 2 0 |a fondy penzijné 
610 2 0 |a západná Európa 
610 2 0 |a USA 
610 2 0 |a Japonsko 
610 2 0 |a východná Európa 
100 1 |a Matyáš, J. 
700 1 |a Jurina, Ľ.